[Event "WchT 6th"]
[Site "Beersheba"]
[Date "2005.11.01"]
[Round "1.1"]
[White "Onischuk, Alexander"]
[Black "Jobava, Baadur"]
[Result "1/2-1/2"]
[WhiteElo "2640"]
[BlackElo "2601"]
[Annotator "Marin,M"]
[PlyCount "173"]
[EventDate "2005.11.01"]
[EventType "team-tourn"]
[EventRounds "9"]
[EventCountry "ISR"]
[SourceTitle "CBM 110"]
[Source "ChessBase"]
[SourceDate "2006.01.31"]
[SourceVersion "1"]
[SourceVersionDate "2006.01.31"]
[SourceQuality "1"]
[WhiteTeam "US of America"]
[BlackTeam "Georgia"]
[WhiteTeamCountry "USA"]
[BlackTeamCountry "GEO"]

1. d4 Nf6 2. c4 e6 3. Nf3 c5 4. d5 exd5 5. cxd5 d6 6. Nc3 g6 7. h3 a6 8. e4 b5
9. Bd3 Bg7 10. O-O O-O 11. Re1 Re8 12. a3 Ra7 $5 13. Bf4 Rae7 {This is a
relatively rare plan. Black makes use of his advantage of space on the queen
side (resulting in the availibility of the seventh rank) to transfer his
queen'srook on the e-file and thus increase the pressure against the critical
e4- and e5-squares. While the attractive parts of this plan are obvious, there
are certain drawbacks, too, which are less easy to notice at a superficial
glance. First of all, White disposes over sufficient means to defend his
central pawn. At the same time, Black's queen side is slightly weakened by the
transfer of the rook to the other wing, especially that the knight's
development is considerably delayed. Finally, the rook is relatively exposed
on e7 (which can be seen in such cases when the thematic ...Nh5 is met by Bg5).
} 14. Rc1 {(!) White's general plan of development consists of Qd2, Rac1, b4,
aiming to force Black advance his c-pawn in order to take over the control of
the central dark squares. However, the move order in accomplishing that is
quite important.} ({First of all, I would say that the mechanical defence of
the e4-pawn with} 14. Qc2 {does not seem too accurate. First of all, the
c2-square is supposed to be left available to the bishop in case of the
eventual advance of the black c-pawn. Secondly, after} b4 (14... Nh5 {is also
possible, 0-1 Ibragimov,I (2540)-Pigusov,E (2575)/St Petersburg 1993/CBM 034/
[Chekhov] (36)}) ({but my favourite is} 14... c4 15. Bf1 Qb6 {[%cal Yb8d7]})
15. axb4 cxb4 16. Na4 {the b4-pawn is not attacked (as would be the case with
the queen on d2), allowing Black win a tempo for his development:} Bd7 17. Re3
Bb5 18. Nd2 Nh5 19. Bh2 Bh6 20. Re2 f5 $132 {1/2-1/2 Yurtaev,L (2485)-Yudasin,
L (2505)/Simferopol 1988/CBM 011 (42). However, I must say that I do not
entirely trust this early advance of the b-pawn.}) ({More natural is} 14. Qd2 {
, of course.} Bb7 $1 {For the moment, it is far from clear why this move,
placing the bishop onan apparently "dead" diagonal, would be the best.} (14...
Qb6 15. Re2 {Possibly, not the best plan.} ({both} 15. Rac1) ({and} 15. b4 {
would transpose to the comment from the next move, since now, unlike in the
b-line,} c4 $6 16. Bc2 Nxe4 $2 17. Bxe4 Bxc3 18. Qxc3 Rxe4 19. Rxe4 Rxe4 {
does not work in view of} 20. Bh6 {mating.}) 15... Nbd7 16. Rae1 Nh5 17. Be3 (
17. Bg5 Bf6 18. Be3 Bd4 {only transposes}) 17... Bd4 18. Bc2 (18. Bxd4 cxd4 19.
Na2 Ne5 $132 20. Nh2 $2 Nxd3 21. Qxd3 Nf4 $19) 18... Bxe3 19. Rxe3 Ne5 20. Nxe5
Rxe5 {Black has considerably eased his play by exchanging two pairs of minor
pieces. He is ready for expanding on either wing (with ...a5, c4, b4 or g5,
Nf4). 1/2-1/2 Piket,J (2580)-Kamsky,G (2745)/Amsterdam 1996/CBM 055}) 15. b4 $6
({This is premature, but White can already not transpose to the main plan with
} 15. Rac1 {because after} b4 16. axb4 cxb4 17. Na2 Nxe4 $132 {the d5-pawn is
hanging in case of} 18. Qxb4 $2 Bxd5 $17) 15... c4 16. Bc2 Nxe4 $1 17. Bxe4
Bxc3 18. Qxc3 Rxe4 19. Rxe4 Rxe4 20. Bh6 f6 {With the queen on d8, this simple
move kills White's attack.} 21. Ng5 Re8 22. Rd1 Qe7 23. Nf3 Nd7 $17 {0-1
Banikas,H (2526)-Mastrovasilis,A (2442)/Thessaloniki 2001/EXT 2003 (42)}) 14...
h6 $146 {The idea behind this novelty is simple to understand from an abstract
point of view: since White has been concentrated mainly on the queen side,
Black starts active play on the opposite wing. However, in this game he will
not manage to prove the corectness of his plan entirely.} (14... b4 {is
premature now because of} 15. axb4 cxb4 16. Na4 Nxe4 17. Bxe4 Rxe4 18. Rxe4
Rxe4 19. Bxd6 $16 {as indicated by Karpov. We can see here the usefullness of
the rook on the c-file.}) ({The natural continuation is} 14... Qb6 15. b4 Nbd7
(15... c4 16. Bb1 {/\ a4+/-}) 16. Qd2 Bb7 {Both sides have completed their
development. Black's position looks pretty solid, but he has to refrain from
releasing the queen side tension by means of ...c4 or ...cxb4.} 17. Be3 $5 {
By pinning the c5-pawn, White creates the unpleasant positional threat a4.} (
17. Bh2 {leaves Black with no problems along the g1-b6-diagonal:} c4 18. Bc2
Ne5 19. Nxe5 dxe5 $13 {1/2-1/2 Gelfand,B (2712)-Topalov,V (2718)/Monte Carlo
2001/CBM 081 ext (60)}) 17... Qd8 18. Rb1 {This looks like a critical position
of the variation. White prepares to open the queen side with a well timed
a3-a4, but he should permanently watch an eventual exchange sacrifice on e4,
made possible by the position of the bishop on e3.} c4 (18... Nh5 $2 {places
the knight on a passive square, with no connection with the main theatre of
operations, allowing} 19. a4 $1 $16 {1-0 Karpov,A (2674)-Hamdouchi,H (2559)/
Bordeaux 2005/CBM 105 ext}) ({The most flexible continuation is} 18... Qc7 {
leading to the position after 20 moves in 1/2-1/2 Aleksandrov,A (2645)
-Sherbakov,R (2539)/Calcutta 2002/CBM 088/[Kapengut] (43)}) 19. Bc2 Nxe4 $5 20.
Nxe4 Rxe4 21. Bxe4 Rxe4 22. Bg5 Qe8 23. Qf4 $5 Bxd5 24. Qxd6 Qe6 $44 {1-0
Istratescu,A (2622)-Mastrovasilis,A (2461)/Korinthos 2002/CBM 089 ext (60)})
15. b4 c4 16. Bb1 g5 17. Bh2 ({It is not entirely clear whether Black's
compensation for the sacrificed pawn is sufficient after} 17. Bg3 Nh5 18. Bh2
Nf4 19. Bxf4 gxf4 20. Qd2 Nd7 21. Qxf4 Ne5 {but the text move looks simply
stronger.}) 17... g4 18. hxg4 Bxg4 (18... Nxg4 19. Bg3 Qb6 20. Bh4 (20. Nh4 $32
) 20... Nd7 21. Qd2 $16) 19. Qd2 Bxf3 (19... Qb6 20. Qf4 $36) 20. gxf3 Kh8 21.
Kh1 {We can draw the first conclusions of Black's new plan. He has managed to
double White's pawns, but it is his king that looks actually weaker than
White's. Besides, he didn't solve the problem of his queen's knight...} Nbd7 $3
{... yet! Although this move might be not sufficient to solve all Black's
problems, it certainly deserves the double exclaim mark for its originality.}
22. Rg1 $1 {White correctly refrains form accepting the gift.} ({In case of} 
22. Bxd6 {White should not be too happy about his extra pawn and exchange,
especially if Black manages to block the enemy centre of pawns on light
squares.} Re5 $1 {looks even better, because it traps the bishop.} (22... Nh5
23. Bh2 $1 (23. Bxe7 $2 Qxe7 $19 {->, /\Qh4, Rg8, Be5}) 23... Ne5 24. Qe3 Rd7 {
[%cal Yd8h4,Yd7d6,Yd6g6]}) 23. Bxe5 Nxe5 24. Kg2 Nh5 25. Rh1 Qf6 26. Qe3 Nf4+
$44) 22... Ne5 23. Rxg7 $5 {This move certainly looks tempting, as an answer
to Black's intended exchange sacrifice, few moves earlier, but might be not
the best way to fight for an advantage.} (23. Rg3 $1 {><f3, /\f4} Ng6 24. Rh3 (
24. f4 $6 Nxe4 $1 $44) 24... Kh7 25. Bf4 $1 $40 {White attacks with
practically all his pieces, while the concentration of the enemy rooks on the
e-file is rather sterile, with the e4-pawn so well defended.}) 23... Kxg7 24.
Rg1+ Kh7 25. Qf4 Nfd7 26. Qf5+ Kh8 27. Qh3 f6 28. f4 Nd3 29. Bxd3 cxd3 30. Rg6
Rh7 31. Qxd3 $44 {White certainly has compensation for the sacrificed exchange,
but Black has managed to bring all his forces to the defence of the important
squares. The position is rather unclear.} Rg8 32. Qg3 h5 33. Ne2 Rxg6 34. Qxg6
Qg8 35. f5 Qxg6 36. fxg6 Re7 37. f3 Ne5 38. Nd4 Rg7 39. Kg2 Rxg6+ 40. Kh3 Rg8
41. Bg3 Kh7 42. Bh4 Kg6 43. Nf5 Rd8 44. Kg2 Nc4 45. Bg3 Kf7 46. Kf2 Ke8 47.
Ng7+ Ke7 48. Nxh5 Rh8 49. Ng7 Rh1 50. Nf5+ Kd7 51. Bh4 Nxa3 52. Bxf6 Rb1 53. f4
Rxb4 54. Nd4 Rb2+ 55. Kf3 Nc2 56. Nf5 Ne1+ 57. Ke3 Ng2+ 58. Kf3 Rd2 59. e5 Ne1+
60. Ke4 b4 61. Nxd6 Re2+ 62. Kf5 Nc2 63. Nc4 Nd4+ 64. Kg6 Ke8 65. e6 Nxe6 66.
dxe6 Rxe6 67. f5 Rc6 68. Ne5 Rb6 69. Nc4 Rc6 70. Na5 Rb6 71. Kg7 Kd7 72. Nc4
Rb7 73. Bb2 Kc6+ 74. Kg6 Kc5 75. Na5 Rb8 76. f6 Kb5 77. Nb3 a5 78. Nd4+ Kc5 79.
f7 a4 80. Ne6+ Kc4 81. Be5 Rc8 82. Bf6 b3 83. Bb2 Kb4 84. Bg7 Kc4 85. Bb2 Kb4
86. Bf6 Kc4 87. Bb2 1/2-1/2

[Event "Sochi FIDE GP"]
[Site "Sochi"]
[Date "2008.08.09"]
[Round "9"]
[White "Karjakin, Sergey"]
[Black "Gashimov, Vugar"]
[Result "1/2-1/2"]
[WhiteElo "2727"]
[BlackElo "2717"]
[Annotator "Marin,M"]
[PlyCount "81"]
[EventDate "2008.07.31"]
[EventType "tourn"]
[EventRounds "13"]
[EventCountry "RUS"]
[EventCategory "19"]
[SourceTitle "CBM 126"]
[Source "ChessBase"]
[SourceDate "2008.10.01"]
[SourceVersion "1"]
[SourceVersionDate "2008.10.01"]
[SourceQuality "1"]

1. d4 Nf6 2. c4 e6 3. Nf3 c5 4. d5 d6 5. Nc3 exd5 6. cxd5 g6 7. h3 Bg7 8. e4
O-O 9. Bd3 a6 10. a4 Re8 11. O-O Nbd7 12. Re1 Nh5 13. Bg5 {This move is
supposed to cause some lack of harmony in Black's camp. For the plan based on .
..Ne5, the queen is best placed on the h4-d8 diagonal, while the next move
takes away from the h5-knight the natural retreat to f6.} Bf6 14. Be3 Ne5 15.
Be2 {The critical continuation, immediately putting the h5-knight under
pressure.} (15. Bf1 Nxf3+ 16. Qxf3 Be5 17. g4 Ng7 (17... Nf4 18. Bxf4 Qf6 19.
Bxe5 Qxf3 20. Bg2 Qd3 21. Bxd6 $44) 18. Qg2 f5 19. f3 (19. exf5 gxf5 20. f4 Bd4
) 19... Bd7 (19... f4 $5 {looks tempting, but I was slightly worried about my
passive knight, as well as the possible transfer of the enemy knight to d3, in
order to undermine the blockade.}) 20. a5 Qf6 21. Rab1 Rab8 22. Nd1 fxe4 23.
fxe4 b5 (23... b6 $5) 24. b3 Re7 25. Bd3 Bd4 $15 {Borvander,T-Marin,M/Goteborg
rapid 2001 (0-1, 37)}) 15... Nxf3+ 16. Bxf3 Ng7 {At first sight, it may seem
that White has managed to force Black's kingside minor pieces to occupy rather
unfortunate squares. However, only two moves are needed (...Be5 and ...f5) in
order to make Black's position entirely viable. Later, the knight may move to
f5 and d4. Therefore, White has to hurry to open a new front on another area
of the board.} 17. Qd2 {Completing the development and defending the knight in
order to enable the opening of the queenside with a further b4.} ({Knowing
Gashimov's next move,} 17. a5 {certainly makes some sense.} Rb8 ({I would
prefer} 17... Bd7 $5 {, anticipating the knight's move to a4.} 18. Qd2 $140 b5
19. axb6 Qxb6 $132) 18. Na4 Bd7 19. Qd2 Bxa4 20. Rxa4 {Now, White was in time
to defend his b2-pawn.} Qd7 21. Rc4 $5 {[%cal Gb2b4]} (21. Ra2 b5 22. axb6 Rxb6
23. Rb1 Reb8 24. Be2 Qb7 $132 {[%cal Gg7e8,Ge8c7,Gc7b5,Gb5d4]}) 21... Qb5 (
21... b5 22. axb6 Rxb6 23. b4 $1 $14 {[%csl Gg7]}) 22. Rc2 b6 $6 (22... Be5 {
[%cal Gf7f5]} 23. Be2 $1) (22... Qa4 $5 {[%cal Gb7b5,Yb7b6]} 23. Bf4 Be5 {
[%cal Gf7f5]}) 23. Ra1 bxa5 24. Rxa5 Qb6 25. Ra2 $14 {Xu Jun (2535)-Chekhov,V 
(2525)/Beijing 1991/CBM 028 (1/2-1/2, 30). White has managed to defend his
b2-pawn safely, while the a6-pawn remains vulnerable. At the same time, the
g7-knight is still passive.}) 17... b6 {A multi-purpose move. Black prevents
a4-a5, which would make him lose flexibility on the queenside and enables the
rook's transfer to the kingside. I have commented on similar situations when ..
.b6 is useful in my last 3 articles about different variations of the Benoni.}
(17... Bd7 {1-0 Wang Yue (2689)-Cheparinov,I (2696)/Baku 2008/CBM 124/[Ftacnik]
(56)}) 18. Rab1 {[%cal Gb2b4]} (18. Be2 Bxc3 $5 19. bxc3 Rxe4 20. Bd3 Re8 21.
c4 {If White could set up the Q+B battery along the a1-h8 diagonal in time,
Black would be in trouble. However, the threat of rapid activation of the
knight via f5-d4 keeps Black in the game.} Bf5 22. Bf1 Bd7 {[%cal Gg7f5,Gf5d4]}
23. Bd3 (23. g4 $5 {[%csl Rg7]}) 23... Bf5 24. Bf1 Bd7 25. Bd3 {1/2-1/2
Onischuk,A (2664)-Gashimov,V (2679)/Dagomys 2008/CBM 124}) 18... Be5 {[%cal
Gf7f5]} 19. Bg5 ({Black's dymanic potential should not be underestimated. The
hurried} 19. b4 $6 {allows} Bxh3 $1 $132 20. gxh3 $2 Qf6 $17 {[%csl Rc3,Rf3]})
19... f6 $1 $146 {Since Black aims to play ...f5 anyway, this is not a
weakening move. Moreover, the pawn strengthens the control over the e5-square,
as will become clear a few moves later.} (19... Bf6 $6 20. Bxf6 Qxf6 21. b4 $14
{Savchenko,S (2563)-Cornette,M (2357)/Cappelle la Grande 2002/CBM 086 ext (0-1,
32)}) 20. Bf4 (20. Be3 f5 $132) 20... Ra7 21. b4 Rf7 $132 {White has managed
to open the queenside, but Black has regrouped most of his pieces in a
harmonious way. His only problem remains the activation of the knight, but
with so many "colleagues" around it, this should be solved in one way or
another.} 22. Bd1 {In most cases, after Bxe5 fxe5, the f3-bishop would be
hanging (...Bxh3 or ...Rxf3). Therefore, White removes it in advance, aiming
to activate it through a4.} ({White is not too well prepared for} 22. a5 {
. Black has several possible answers, the most ambitious (but also risky) being
} Bxf4 23. Qxf4 b5 24. bxc5 (24. Ne2 f5 {Here we can see why Black exchanged
on f4, to make the enemy queen occupy a vulnerable square.}) 24... Qxa5 $13) ({
The immediate intrusion with} 22. bxc5 bxc5 23. Rb8 {leads to sharp play after}
Bxf4 24. Qxf4 f5 25. Qd2 ({The tempting sacrifice} 25. Rxc8 Qxc8 26. Qxd6 {
[%cal Ge4e5] is not too dangerous for Black after} fxe4 27. Nxe4 Nf5 28. Nf6+
Rxf6 29. Rxe8+ Qxe8 30. Qxf6 Qe1+ 31. Kh2 Qxf2 32. Qxa6 Ne3 $11 {and perpetual
check cannot be avoided.}) 25... Rfe7 26. Qb2 Re5 27. Qb6 Qe7 $132) 22... Qc7 {
[%csl Gb8]} ({Benoni players usually refrain from moves such as} 22... c4 $5 {
, which release the tension and give up the control of the d4-square. However,
in this concrete case the plan based on the knight's transfer to c6 fails
because of Black's superior mobilization.} 23. Ne2 $6 Nh5 $1 24. Bh6 (24. Bxe5
fxe5 {would simply deny the knight's access to d4.}) 24... f5 $1 25. Nd4 fxe4
26. Bxh5 Qf6 $5) 23. bxc5 bxc5 24. Bxe5 fxe5 {The structure has changed,
becoming characteristic of the KI. Black's problem remains basically the same:
if he could only bring his knight to f4...} 25. Qg5 {AIming to keep Black's
kingside initiative under control.} ({Black has sufficient counterplay after
the more ambitious} 25. Rb2 {[%csl Ra5,Rb6,Rd6,Re5][%cal Gc3b1,Gb1a3,Ga3c4]}
Ref8 26. Qe3 Qe7 27. Nb1 Qh4 28. Na3 Rf6 29. Rf1 (29. Nc4 Nf5 $1 $132) 29... g5
30. Rb6 (30. Nc4 Nf5 31. exf5 Qxc4 32. Qxg5+ Kh8 $132 {[%csl Rd5,Rf5]}) 30...
g4 31. hxg4 Bxg4 32. Bxg4 (32. f3 $6 Nh5 $1 $40) 32... Qxg4 33. Nc4 Nh5 (33...
Rg6 34. g3 Nh5) 34. f3 Qg6 $132) 25... Ref8 26. Rb2 Rf4 27. Bg4 Qa5 (27... Bxg4
28. hxg4 c4 $11) 28. Re3 Qc7 29. Re1 Qa5 30. Rc1 Bxg4 31. hxg4 c4 $11 {
Although the knight is doomed to passivity, the high activity displayed by all
the other pieces allows Black to maintain equality.} 32. Qh6 Qc5 33. Nd1 Qd4
34. Rb7 R4f7 35. Rcb1 Rxb7 36. Rxb7 Qxd1+ 37. Kh2 {Finally, Black has an extra
piece: the passive knight. However, the position is immediately drawn.} Rf7 38.
Rb8+ Rf8 39. Rb7 Rf7 40. Rb8+ Rf8 41. Rb7 1/2-1/2